Follow That Line: Film Noir Edition Quiz Stats

 Plays Quiz not verified by Sporcle

Challenge
Share
Tweet
Embed
Score 0/25 Timer 08:00
0 Plays Today
% Correct
'I *am* big. It's the *pictures* that got small.'
95.6%
'Guess I was wrong. You're not smarter, Walter... you're just a little taller.'
92.8%
'You never need me when I'm around.'
92.4%
'But because I am mad, I hate you. Because I am mad, I have betrayed you.'
92.2%
'The, uh, stuff that dreams are made of.'
92%
'When an alibi is full of bourbon, sir, it can't stand up.'
92%
'Only this fly got herself strangled.'
91.5%
'He's at the bottom of the river.'
91.1%
'After that they make the best patients.'
90.7%
'We might give the amateurs a chance now.'
90.5%
'No. What's that, a pub?'
90.1%
'No, I'll let ya warm up a little.'
89.8%
'I must have coffee before I can speak.'
89.8%
% Correct
'In a glass.'
89.5%
'I got lots of time and I'm not squeamish.'
88.9%
'But when you kill me, don't put your hands on me!'
88.6%
'When they get to be big stars, they usually do.'
87.6%
'If it doesn't stop, shoot it.'
87.5%
'Usually with a cup of hot water and a tea bag.'
87.2%
'What's the Spanish for drunken bum?'
85.8%
'We try not to make a habit of it.'
85.3%
'I have never discovered any other subject quite so worthy of my attention.'
84.9%
'That was just to turn you 'round, so I don't have to shoot you in the back.'
80.6%
'My only interest in your head is how easy it'll crack open.'
77.1%
'Put down drunk and disorderly, too.'
75.7%

You're not logged in!

Compare scores with friends on all Sporcle quizzes.
OR
Log In

You Might Also Like...

Show Comments

Extras

Top Quizzes Today


Score Distribution

Your Account Isn't Verified!

In order to create a playlist on Sporcle, you need to verify the email address you used during registration. Go to your Sporcle Settings to finish the process.

Report this User

Report this user for behavior that violates our Community Guidelines.

Details: